|
|
|
|
| LEADER |
00000naa2a2200000 4500 |
| 001 |
611106 |
| 005 |
20240214093008.0 |
| 035 |
|
|
|a (RuTPU)RU\TPU\conf\8778
|
| 035 |
|
|
|a RU\TPU\conf\7150
|
| 090 |
|
|
|a 611106
|
| 100 |
|
|
|a 20150218d2010 k y0rusy50 ca
|
| 101 |
0 |
|
|a rus
|
| 102 |
|
|
|a RU
|
| 105 |
|
|
|a y z 100zy
|
| 135 |
|
|
|a drcn ---uucaa
|
| 181 |
|
0 |
|a i
|
| 182 |
|
0 |
|a b
|
| 200 |
1 |
|
|a Сборочные чертежи в приборостроении
|f М. С. Цаплина, Е. В. Вехтер, Л. А. Скачкова
|
| 203 |
|
|
|a Текст
|c электронный
|
| 215 |
|
|
|a 1 файл (680 Кб)
|
| 300 |
|
|
|a Заглавие с титульного листа.
|
| 300 |
|
|
|a Электронная версия печатной публикации.
|
| 337 |
|
|
|a Adobe Reader
|
| 463 |
|
1 |
|0 (RuTPU)RU\TPU\conf\102
|t Новые материалы. Создание, структура, свойства - 2010
|o Х Всероссийская школа-семинар с международным участием, 9-11 сентября 2010 г., г. Томск
|o труды
|f Национальный исследовательский Томский политехнический университет (ТПУ)
|v [С. 326-329]
|d 2010
|
| 610 |
1 |
|
|a электронный ресурс
|
| 610 |
1 |
|
|a труды учёных ТПУ
|
| 610 |
1 |
|
|a сборочные чертежи
|
| 610 |
1 |
|
|a приборостроение
|
| 700 |
|
1 |
|a Цаплина
|b М. С.
|
| 701 |
|
1 |
|a Вехтер
|b Е. В.
|c специалист в области инженерной графики и начертательной геометрии
|c доцент Томского политехнического университета, кандидат педагогических наук
|f 1972-
|g Евгения Викторовна
|3 (RuTPU)RU\TPU\pers\26510
|9 12212
|
| 701 |
|
1 |
|a Скачкова
|b Л. А.
|c специалист в области начертательной геометрии
|c старший преподаватель Томского политехнического университета, инженер
|f 1977-
|g Лариса Александровна
|3 (RuTPU)RU\TPU\pers\28286
|9 13230
|
| 801 |
|
1 |
|a RU
|b 63413507
|c 20131120
|
| 801 |
|
2 |
|a RU
|b 63413507
|c 20150218
|g RCR
|
| 856 |
4 |
|
|u http://www.lib.tpu.ru/fulltext/c/2010/C39/004.pdf
|
| 942 |
|
|
|c BK
|